Manual práctico del trastorno bipolar: claves para autocontrolar las oscilaciones del estado de ánimo

Shranjeno v:
Bibliografske podrobnosti
Glavni avtor: Ramírez Basco, Mónica (Author)
Format: Knjiga
Jezik:španščina
Izdano: Bilbao Desclée de Brouwer 2008
Serija:Biblioteca de Psicología
Teme:
Oznake: Označite
Brez oznak, prvi označite!

MARC

LEADER 00000nam a2200000 a 4500
001 UCH7580
003 CL-VaPUC
008 091119e20080000SP |||||||||||||||||spa|d
020 |a 9788433022660 
082 0 4 |a 616.895  |b RAM  |2 21 
100 0 |a Ramírez Basco, Mónica  |e author  |9 543982 
245 1 0 |a Manual práctico del trastorno bipolar: claves para autocontrolar las oscilaciones del estado de ánimo 
300 |a 334 p 
942 |c BK 
945 |d 20091119 00:00:00  |a rbrito 
260 |a Bilbao  |b Desclée de Brouwer  |c 2008 
650 0 |a Trastorno bipolar  |9 524334 
650 7 |a PSICOTERAPIA  |2 CL-VaPUC  |9 543983 
650 7 |a ESTADO DE ANIMO  |2 CL-VaPUC  |9 391347 
650 0 |a Depresión   |9 334267 
583 |a last modification  |c 20091119 00:00:00  |k Rodrigo Vera 
490 0 |a Biblioteca de Psicología 
999 |c 338097  |d 338095 
952 |0 0  |1 0  |4 0  |6 616_895000000000000_RAM_2008  |7 0  |8 A  |9 430919  |a BIBEDU  |b BIBEDU  |c ES_NOD  |d 2019-11-22  |i 4619714  |l 1  |o 616.895 RAM 2008  |p 4619714  |r 2024-07-11  |s 2024-07-04  |w 2019-11-22  |y BK  |k PSI